Life span motor development (Registro nro. 90134)
[ vista simple ]
| 000 -ENCABEZADO | |
|---|---|
| Número de control [NR] | 01929nam a22002657a 4500 |
| 008 - DE LONGITUD FIJA DE DATOS DE ELEMENTOS - INFORMACIÓN GENERAL | |
| Elementos de longitud fija [NR] | 130821s2005 xxua gr eng |
| 020 ## - NUMERO INTERNACIONAL NORMALIZADO PARA LIBROS [R] | |
| Número Internacional Normalizado del libro [NR] | 0736055746 |
| 040 ## - FUENTE DE CATALOGACION [NR] | |
| Agencia de catalogación original [NR] | Co-BoUCM |
| Idioma de catalogación [NR] | spa |
| 041 00 - CODIGO DE IDIOMA [R] | |
| Código de idioma para texto/pista de sonido o título separado [R] | Inglés |
| 060 ## - SIGNATURA TOPOGRAFICA DE LA BIBLIOTECA NACIONAL DE MEDICINA (NLM) [R] | |
| Número clasificador [R] | WE 103 |
| 100 1# - ASIENTO PRINCIPAL--NOMBRE PERSONAL [NR] | |
| Nombre personal [NR] | Haywood, Kathleen. |
| ID Autoridad | 152210 |
| 245 10 - MENCION DE TITULO [NR] | |
| Título [NR] | Life span motor development |
| Mención de responsabilidad, etc. [NR] | Kathleen M. Haywood, Nancy Getchell |
| 250 ## - MENCION DE EDICION [NR] | |
| Mención de edición [NR] | 4a. Ed. |
| 260 ## - PUBLICACION, DISTRIBUCION, ETC. (PIE DE IMPRENTA) [R] | |
| Lugar de publicación, distribución, etc. [R] | Champaign (Illinois, Estados Unidos) |
| Nombre del editor, distribuidor, etc. [R] | Human Kinetics |
| Fecha de publicación, distribución, etc. [R] | c2005 |
| 300 ## - DESCRIPCION FISICA [R] | |
| Extensión [R] | xvii, 326 páginas |
| Otros detalles físicos [NR] | ilustraciones |
| Material acompañante [NR] | 1 CD-ROM |
| 504 ## - NOTA DE BIBLIOGRAFIA, ETC. [R] | |
| Nota de bibliografía, etc. [NR] | |
| 505 0# - NOTA DE CONTENIDO CON FORMATO PREESTABLECIDO [R] | |
| Nota de contenido con formato preestablecido [NR] | Pt. 1. Introduction to motor development -- Fundamental concepts -- Theoretical perspectives in motor development -- Pt. 2. Physical growth and aging -- Physical growth, maturation, and aging -- Development and aging of body systems -- Pt. 3. Development of motor skills across the life span -- Early motor development -- Development of human locomotion -- Development of ballistic skills -- Development of manipulative skills -- Pt. 4. Perceptual-motor development -- Sensory-perceptual development -- Perception and action in development -- Pt. 5. Functional constraints to motor development -- Social and cultural constraints in motor development -- Psychosocial constraints in motor development -- Knowledge as a functional constraint in motor development -- Pt. 6. Interaction of exercise and structural constraints -- Development of cardiorespiratory endurance -- Development of strength and flexibility -- Development of body composition -- Interactions between individual, environmental, and task constraints. |
| 650 04 - ASIENTO SECUNDARIO DE MATERIA - TERMINO TEMATICO [R] | |
| Término temático o nombre geográfico como elemento de entrada [NR] | Aptitud motora en niños |
| 9 (RLIN) | 9282 |
| 650 04 - ASIENTO SECUNDARIO DE MATERIA - TERMINO TEMATICO [R] | |
| Término temático o nombre geográfico como elemento de entrada [NR] | Aptitud motora |
| 9 (RLIN) | 9280 |
| 650 04 - ASIENTO SECUNDARIO DE MATERIA - TERMINO TEMATICO [R] | |
| Término temático o nombre geográfico como elemento de entrada [NR] | Movimiento |
| 9 (RLIN) | 19811 |
| 650 04 - ASIENTO SECUNDARIO DE MATERIA - TERMINO TEMATICO [R] | |
| Término temático o nombre geográfico como elemento de entrada [NR] | Ortopedia |
| 9 (RLIN) | 26544 |
| 700 1# - ASIENTO SECUNDARIO - NOMBRE PERSONAL [R] | |
| Nombre personal [NR] | Getchell, Nancy |
| Fechas asociadas con el nombre [NR] | 1963- |
| 9 (RLIN) | 152211 |
| 856 41 - LOCALIZACION Y ACCESO ELECTRONICOS [R] | |
| Especificación de los materiales [NR] | COntenido |
| Identificador Uniforme del Recurso (“URI”) [R] | <a href="http://www.loc.gov/catdir/toc/ecip0418/2004013158.html">http://www.loc.gov/catdir/toc/ecip0418/2004013158.html</a> |
| 942 ## - ELEMENTOS DE ENTRADA AGREGADOS (KOHA) | |
| Tipo de ítem principal el descrito en 300a | Libro |
| Tema principal | Medicina |
| Edición | 4 |
| Parte restante de la signatura top. | H427L |
| Sistema de clasificación | NLM |
| Clasificación | WE 103 |
| Título oculto en OPAC | No |
| Fecha de último préstamo | Total préstamos | Signatura topográfica | Código de barras | Última vez visto | Volúmen / Fascículo | Ejemplar | Price effective from | Tipo de ítem | Perdido | Sistema de clasificación | Dañado | No prestable | Tipo de ítem específico | Suprimido | Ubicación habitual | Ubicación actual | Localización | Fecha de creación | Forma de adquisición | Costo | Total Renewals |
|---|---|---|---|---|---|---|---|---|---|---|---|---|---|---|---|---|---|---|---|---|---|
| 29/11/2017 | 20 | WE 103 H427L | 200016287 | 09/12/2017 | 4a. Ed. | Ej.1 | 03/02/2013 | Libro | NLM | Libro | Bodega | Bodega | Préstamo 4 días después de solicitado | 30/09/2008 | Compra | 135819.00 | 1 | ||||
| 19/03/2026 | 2 | WE 103 H427L | 200016288 | 24/03/2026 | 4a. Ed. | Ej.2 | 03/02/2013 | Multimedia | DEWEY | CD-Rom | Quinta de Mutis | Quinta de Mutis | Colección digital | 19/02/2013 | Compra | 135819.00 |